| 000 | 00753nam a2200217 a 4500 | ||
|---|---|---|---|
| 001 | 000040620 | ||
| 005 | 20201002034246.0 | ||
| 008 | 130904s2002 sp 001 0 spa d | ||
| 020 | _a8420682004 | ||
| 040 |
_aDO-SdBNP _bspa _cBNPHU |
||
| 245 | 0 | 0 |
_aHistoria de la literatura : hispanoamericana / _ccon un apéndice sobre literaturas de extremo oriente José María Valverde. |
| 260 |
_aMadrid : _bEditorila Alianza, _c2002. |
||
| 300 |
_a386 p. ; _c24 cm. |
||
| 490 | 1 |
_aUniversidad Textos _v163 |
|
| 500 | _aSegunda reimpresión | ||
| 500 | _aIncluye índice | ||
| 504 | _aBibliografía : p. 371 -380 | ||
| 505 | 0 |
_gV. 3 _tDel romanticismo a nuestros dias -- |
|
| 700 | 1 |
_aValverde, José María _942706 |
|
| 830 | 0 |
_aUniversidad Textos _v163 _966966 |
|
| 999 |
_c40110 _d40110 |
||